| 000 | 00508nam a2200193Ia 4500 | ||
|---|---|---|---|
| 005 | 20260429112008.0 | ||
| 008 | 260429s9999||||xx |||||||||||||| ||und|| | ||
| 020 | _a9781647405564 | ||
| 041 | _aEnglish | ||
| 082 |
_a551.46 _bGRA |
||
| 100 | _aGrace, Peter | ||
| 245 | 0 |
_aGlobal ocean observing system / _cPeter Grace |
|
| 260 |
_aNew York : _bSyrawood Publishing House, _c2025. |
||
| 300 | _aix, 245 p.; hb | ||
| 650 | _a Geology | ||
| 650 | _a Oceanography | ||
| 650 | _aEarth science | ||
| 942 | _cTB | ||
| 999 |
_c51797 _d51797 |
||